000 00873 a2200253 4500
005 20251121153357.0
008 251121b |||||||| |||| 00| 0 eng d
020 _a9781804293119 (hbk)
037 _cTB
040 _aAL
_cAL
041 _2eng
_aeng
084 _aV671(Q5).N R4
100 _aAzoulay, Ariella Aisha
_9821629
245 _aJewelers of the ummah:
_ba potential history of the jewish muslim world
260 _aLondon, UK;
_aNew York, USA:
_bVerso,
_c2024.
300 _aix, 646p.
365 _b30.00
_cUKP
650 _aMizrahim - Algeria
_9852857
650 _aJews - Algeria - History
_9852858
650 _aJews - Algeria
_9852859
650 _aAlgeria - History
_9852860
942 _cTB
_2CC
_n0
_hV671(Q5).N R4
_mAL
999 _c1435611
_d1435611